Modelovanie procesu rekarbonizácie pomocou PVD v reaktore s fluidizovanou vrstvou

Gespeichert in:
Bibliographische Detailangaben
1. Verfasser: Molovčák, Adrián (Verfasst von)
Weitere Verfasser: Derco, Ján (Betreuung Doktorarbeit)
Format: Manuskript Buch
Sprache:Slowakisch
Veröffentlicht: 2019
Schlagworte:
Online-Zugang:http://is.stuba.sk/zp/portal_zp.pl?podrobnosti=125748
Tags: Tag hinzufügen
Keine Tags, Fügen Sie das erste Tag hinzu!

MARC

LEADER 00000ntm a22000003a 4500
001 stuzp74708
003 SK-STU
005 20190622212121.4
007 ta
008 150427s2015----xo-----f-mn---000-0-slo-d
040 |a STU  |b slo 
041 0 |a slo 
100 1 |a Molovčák, Adrián  |u 046290  |4 aut  |U FCHPT Ústav chemického a environmentálneho inžinierstva  |T FCHPT Oddelenie environmentálneho inžinierstva  |X 81554  |U C6290  |Y 120  |7 81554 
242 0 1 |a Modelling of the recarbonization process by HCD in fluidized bed reactor  |y eng 
245 1 0 |a Modelovanie procesu rekarbonizácie pomocou PVD v reaktore s fluidizovanou vrstvou 
260 |c 2019 
650 4 |a mäkká voda  |2 slo 
650 4 |a horčík  |2 slo 
650 4 |a rekarbonizácia  |2 slo 
650 4 |a fluidizácia  |2 slo 
650 4 |a PVD  |2 slo 
650 4 |a vápnik  |2 slo 
650 4 |a calcium  |2 eng 
650 4 |a magnesium  |2 eng 
650 4 |a recarbonization  |2 eng 
650 4 |a soft water  |2 eng 
650 4 |a fluidization  |2 eng 
650 4 |a PVD  |2 eng 
700 1 |a Derco, Ján  |u 046290  |k Z1  |4 ths  |U FCHPT Ústav chemického a environmentálneho inžinierstva  |T FCHPT Oddelenie environmentálneho inžinierstva  |X 3304  |U C6290  |Y 120  |7 A000003304 
856 4 |u http://is.stuba.sk/zp/portal_zp.pl?podrobnosti=125748